000 00300nam a22001337a 4500
008 171006b xxu||||| |||| 00| 0 eng d
020 _a9780534263645
041 _aeng
080 _24 ED
_a159.9
100 _a49
101 _aPSI
245 _aPSYCHOLOGICAL TESTING
_cKAPLAN.D
942 _2udc
_cBK
999 _c32159
_d32159